Sakarya basın tarihi 1919-2004 (Record no. 10482)

MARC details
000 -BAŞLIK
Sabit Uzunlukta Kontrol Alanı 00782na a2200241 4500
001 - KONTROL NUMARASI
Denetim Alanı 23916
003 - KONTROL NUMARASI IDENTIFIER
Denetim Alanı MIRAKIL
005 - SON İŞLEM TARİHİ VE ZAMANI
Denetim Alanı 20181213155323.0
008 - SABİT-BOY VERİ ELEMANLARI - GENEL BİLGİLER
Sabit Uzunlukta Kontrol Alanı 180122b tu 000 0
040 ## - KATALOGLAMA KAYNAK
Orijinal Kataloglama Ajansı Milas
Kataloglama Dili tur
Metne Dönüştürmek Ajansı TR-AnCHP
041 ## - DİL KODU
Metin / Ses Parça Veya Ayrı Başlığın Dil Kodu tur
082 ## - DEWEY ONLU SINIFLANDIRMA NUMARASI
Sınıflandırma Numarası 070.1720956225
Ürün Numarası Ş23s 2005
090 ## - SINIFLAMA NUMARASI
Sınıflama Numarası 070.1720956225 Ş23s 2005
100 ## - ANA GİRİŞ - KİŞİSEL İSİM
Kişisel Ad Şahin, Enis
245 ## - BAŞLIK TABLOSU
Başlık Sakarya basın tarihi 1919-2004
Sorumluluk Tablosu, Vb Enis Şahin
260 ## - YAYIN, DAĞITIM, VB
Yayın, Dağıtım, Vb Yeri İstanbul
Yayıncı, Dağıtıcı, Vs Adı Sakarya Gazeteciler Cemiyeti Yayınları
Yayın, Dağıtım, Vb Tarihi 2005
Üretici Firma Merkez Matbaacılık
300 ## - FİZİKSEL TANIM
Kapsam xxxiv, 476 s.
Diğer Fiziksel Ayrıntıları res.
Boyutlar 27 sm.
440 ## - SERİSİ TABLOSU / KATMA GİRİŞİ - BAŞLIK
Başlık Sakarya Gazeteciler Cemiyeti Yayınları
Hacim / Ardışık Tanımı 6
504 ## - KAYNAKÇA VB NOT
Kaynakça Vb Notu Kaynakça var.
650 ## - KONU KATMA GİRİŞ - TOPİKAL DÖNEM
Topikal Süreli Veya Coğrafi Ad Giriş Elemanı Basın tarihi
Genel Alt Bölümü Sakarya (Adapazarı)
Kronolojik Alt Bölümü 1919-2004
651 ## - KONU KATMA GİRİŞ - COĞRAFİ ADI
Coğrafi İsim Sakarya (Adapazarı)
Genel Alt Bölümü Basın
Kronolojik Alt Bölümü 1919-2004
942 ## - EKLENDİ GİRİŞ ELEMANLARI (KOHA)
Sınıflandırma Veya Raf Düzeni Kaynak Dewey Decimal Classification
Koha Öğesi Türü Books
999 ## - SİSTEM KONTROL NUMARALARI (KOHA)
Koha Biblionumber 10482
Koha Biblioitemnumber 10482
Holdings
Kalıcı Konum Mevcut Konum Edinme Tarihi Edinim Kaynak Toplam Check-Out'Lar Tam Çağrı Numarası Barkod Tarih Son Görülme İtibaren Geçerli Fiyatlar Koha Öğesi Türü
CHP Kütüphanesi CHP Kütüphanesi 01/22/2018 Bağış   070.1720956225 Ş23s 2005 017900 01/22/2018 01/22/2018 Books